Harry Styles songs - Statistics

General Stats
  • This quiz has been taken 501 times
  • The average score is 20 of 23
Answer Stats
Song % Correct
Watermelon sugar
97%
Adore you
95%
Fine line
95%
Kiwi
94%
Sign of the times
94%
Golden
93%
She
91%
Cherry
90%
Falling
90%
Sweet creature
90%
Treat people with kindness
90%
Meet me in the hallway
89%
Two ghosts
89%
Lights up
88%
From the dining table
87%
Woman
87%
Canyon moon
86%
Carolina
86%
Ever since New York
86%
Sunflower, vol.6
85%
Only angel
83%
To be so lonely
83%
Medicine
60%
No matching quizzes found
Score Distribution
Percent of People with Each Score
Percentile by Number Answered
Your Score History
You have not taken this quiz